| 000 | 00799nam a22001815i 4500 | ||
|---|---|---|---|
| 001 | 164157 | ||
| 003 | ES-MaACL | ||
| 005 | 20230906212900.0 | ||
| 008 | 030220s1896 sp |||| | spa d | ||
| 040 |
_aCCPB | B _bspa _cCCPB | B |
||
| 100 | 1 |
_aRuiz de Arcaute, Luis. _9132179 |
|
| 245 | 1 | 0 |
_aMemoria leída en la Facultad de Medicina de la Universidad Central _b: en el acto de aspirar al grado de doctor en la misma facultad el dia 7 de diciembre de 1896 / _cpor Luis Ruiz de Arcaute. |
| 260 |
_aMadrid : _bImprenta y librería de Nicolás Moya, _c1896. |
||
| 300 |
_a23 p. ; _c26 cm. |
||
| 500 | _aTema: Profilaxis de la tuberculosis. | ||
| 650 | 4 |
_aTuberculosis- _xPrevención. _9139265 |
|
| 852 |
_aES-MaACL _jT-836-F-7 _z-- Enc. hol. conservando la cub. original _z-- Enc. en un vol. facticio |
||
| 999 |
_c164157 _d164157 |
||